Surprising sharks / (Record no. 880)

MARC details
000 -LEADER
fixed length control field 00989cam a22002774a 4500
005 - DATE AND TIME OF LATEST TRANSACTION
control field 20250825135155.0
020 ## - INTERNATIONAL STANDARD BOOK NUMBER
International Standard Book Number 9780439754217
040 ## - CATALOGING SOURCE
Original cataloging agency DLC
Transcribing agency DLC
Modifying agency DLC
Language of cataloging eng
050 00 - LIBRARY OF CONGRESS CALL NUMBER
Classification number QL638.9
Item number D426 2003
082 00 - DEWEY DECIMAL CLASSIFICATION NUMBER
Classification number 597.3
Edition number 21
100 1# - MAIN ENTRY--PERSONAL NAME
Personal name Davies, Nicola,
Dates associated with a name 1958-
245 10 - TITLE STATEMENT
Title Surprising sharks /
Statement of responsibility, etc. Nicola Davies ; illustrated by James Croft.
250 ## - EDITION STATEMENT
Edition statement 1st U.S. ed.
260 ## - PUBLICATION, DISTRIBUTION, ETC.
Place of publication, distribution, etc. Cambridge, Mass. :
Name of publisher, distributor, etc. Scholastic
Date of publication, distribution, etc. 2003
300 ## - PHYSICAL DESCRIPTION
Extent 29 pages :
Other physical details color illustrations ;
Dimensions 26 cm
505 ## - FORMATTED CONTENTS NOTE
Formatted contents note R <br/>
520 ## - SUMMARY, ETC.
Summary, etc. Introduces many different species of sharks, pointing out such characteristics as the small size of the dwarf lantern shark and the physical characteristics and behavior that makes sharks killing machines.
521 ## - TARGET AUDIENCE NOTE
Target audience note 710 <br/>
Source Lexile <br/><br/>
521 ## - TARGET AUDIENCE NOTE
Target audience note R <br/>
Source Rax-Plus <br/>
650 #0 - SUBJECT ADDED ENTRY--TOPICAL TERM
Topical term or geographic name entry element Sharks
Form subdivision Non-fiction.
650 #1 - SUBJECT ADDED ENTRY--TOPICAL TERM
Topical term or geographic name entry element Sharks.
700 1# - ADDED ENTRY--PERSONAL NAME
Personal name Croft, James
Dates associated with a name 1970-
Relator term illustrator
906 ## - LOCAL DATA ELEMENT F, LDF (RLIN)
a 7
b cbc
c orignew
d 1
e ocip
f 20
g y-gencatlg
942 ## - ADDED ENTRY ELEMENTS (KOHA)
Source of classification or shelving scheme Dewey Decimal Classification
Koha item type Books
Suppress in OPAC No
999 ## -
-- 880
-- 880
Holdings
Withdrawn status Lost status Source of classification or shelving scheme Damaged status Not for loan Collection Home library Current library Shelving location Date acquired Total Checkouts Full call number Barcode Date last seen Date last checked out Price effective from Koha item type Copy number
    Dewey Decimal Classification     Non-Fiction Footprints International School Library Network Toul Tom Poung Campus Footprints International School Library Network Toul Tom Poung Campus TTP Primary Orange Bookshelves 07/13/2023 1 DAV 597.3 QL638.D426 FIS04737 01/26/2024 01/05/2024 07/13/2023 Books  
    Dewey Decimal Classification     Non-Fiction Footprints International School Library Network Toul Tom Poung Campus Footprints International School Library Network Toul Tom Poung Campus TTP Primary Orange Bookshelves 07/13/2023   DAV 597.3 QL638.D426 FISTK01752 08/25/2025   07/13/2023 Books 2